|
|
|
|
| LEADER |
00642cam a2200193 7i4500 |
| 001 |
0000025249 |
| 005 |
20101206090000.0 |
| 022 |
0 |
0 |
|a 1759-1708
|
| 090 |
0 |
0 |
|a P 630.9959
|b THA
|
| 245 |
0 |
0 |
|a Thailand agribusiness report Q1 2010 :
|b includes 5-year industry forecacts to 2014.
|
| 260 |
0 |
0 |
|a London:
|b Business Monitor International,
|c 2010.
|
| 300 |
# |
# |
|a 73 p.
|
| 440 |
0 |
0 |
|a Part of BMI's industry report & forecasts series
|
| 650 |
0 |
0 |
|a Agriculture --
|z Thailand
|
| 650 |
0 |
0 |
|a Cocoa --
|z Thailand
|
| 650 |
0 |
0 |
|a Rice --
|z Thailand
|
| 650 |
0 |
0 |
|a Sugar --
|z Thailand
|
| 651 |
0 |
0 |
|a Thailand
|
| 999 |
|
|
|a 0000026819
|b Book
|c Products
|e Business Information Centre
|